[Event "World Chess Olympiad 2018"]
[Site "Batumi"]
[Date "2018.10.02"]
[Round "8"]
[Board "4"]
[WhiteFideId "5804809"]
[White "Lee Jun Wei"]
[BlackFideId "5302803"]
[Black "Al Kaoury Mahdi"]
[Result "1-0"]
[LiveChessVersion "1.4.8"]
[BlackElo "2106"]
[WhiteElo "2134"]

1. d4 {[%clk 1:30:57]} e6 {[%clk 1:30:48]} 2. c4 {[%clk 1:30:55]} Nf6
{[%clk 1:31:13]} 3. Nf3 {[%clk 1:31:13]} Bb4+ {[%clk 1:31:38]} 4. Bd2
{[%clk 1:31:08]} c5 {[%clk 1:32:04]} 5. Bxb4 {[%clk 1:30:51]} cxb4
{[%clk 1:32:32]} 6. e3 {[%clk 1:30:14]} O-O {[%clk 1:32:43]} 7. Be2
{[%clk 1:30:06]} d6 {[%clk 1:32:29]} 8. O-O {[%clk 1:29:33]} Nc6 {[%clk 1:32:46]}
9. a3 {[%clk 1:28:07]} bxa3 {[%clk 1:31:15]} 10. Rxa3 {[%clk 1:27:07]} e5
{[%clk 1:31:41]} 11. Nc3 {[%clk 1:25:09]} Bg4 {[%clk 1:25:33]} 12. h3
{[%clk 1:22:32]} Bh5 {[%clk 1:25:55]} 13. Qd2 {[%clk 1:20:09]} Re8
{[%clk 1:26:00]} 14. Rfa1 {[%clk 1:12:28]} a5 {[%clk 1:26:19]} 15. Rb3
{[%clk 1:06:42]} Rb8 {[%clk 1:21:22]} 16. Rb5 {[%clk 1:02:56]} b6
{[%clk 1:17:58]} 17. g4 {[%clk 0:52:26]} exd4 {[%clk 1:17:20]} 18. Nxd4
{[%clk 0:52:31]} Nxd4 {[%clk 1:17:44]} 19. Qxd4 {[%clk 0:52:42]} Bg6
{[%clk 1:18:09]} 20. Rd1 {[%clk 0:50:49]} Re6 {[%clk 1:18:30]} 21. Bf3
{[%clk 0:44:14]} Nd7 {[%clk 1:16:48]} 22. Rd5 {[%clk 0:41:52]} Ne5
{[%clk 1:14:57]} 23. Bg2 {[%clk 0:38:52]} Bc2 {[%clk 1:14:32]} 24. Rc1
{[%clk 0:38:13]} Bb3 {[%clk 1:13:35]} 25. Ne4 {[%clk 0:35:57]} Qc7
{[%clk 1:08:07]} 26. Nxd6 {[%clk 0:33:00]} Nc6 {[%clk 1:08:03]} 27. Qd2
{[%clk 0:32:20]} Nb4 {[%clk 1:06:30]} 28. Nb5 {[%clk 0:31:27]} Qe7
{[%clk 1:06:55]} 29. Rd7 {[%clk 0:29:17]} Qc5 {[%clk 1:06:43]} 30. Nd4
{[%clk 0:28:18]} a4 {[%clk 1:04:32]} 31. Nxe6 {[%clk 0:28:28]} fxe6
{[%clk 1:05:01]} 32. h4 {[%clk 0:23:59]} Na2 {[%clk 1:05:10]} 33. Rd8+
{[%clk 0:21:23]} Rxd8 {[%clk 1:04:25]} 34. Qxd8+ {[%clk 0:21:51]} Kf7
{[%clk 1:04:46]} 35. Qd7+ {[%clk 0:22:05]} Qe7 {[%clk 1:05:09]} 36. Qxe7+
{[%clk 0:21:58]} Kxe7 {[%clk 1:05:38]} 37. Ra1 {[%clk 0:22:01]} Kd6
{[%clk 1:04:27]} 38. Bf1 {[%clk 0:20:46]} Kc5 {[%clk 1:04:40]} 39. Be2
{[%clk 0:18:48]} Nb4 {[%clk 1:04:49]} 40. Bd1 {[%clk 0:47:51]} Bxd1
{[%clk 1:35:13]} 41. Rxd1 {[%clk 0:45:58]} Kxc4 {[%clk 1:35:31]} 42. Kf1
{[%clk 0:31:56]} b5 {[%clk 1:35:30]} 43. Ke2 {[%clk 0:31:03]} Kb3
{[%clk 1:35:27]} 44. Rd2 {[%clk 0:31:02]} Nc6 {[%clk 1:35:22]} 45. Kd1
{[%clk 0:25:32]} Ne5 {[%clk 1:35:25]} 46. Kc1 {[%clk 0:24:43]} Nxg4
{[%clk 1:35:40]} 47. Rd3+ {[%clk 0:24:42]} 1-0

[Event "World Chess Olympiad 2018"]
[Site "Batumi"]
[Date "2018.10.02"]
[Round "8"]
[Board "1"]
[WhiteFideId "5702488"]
[White "Lim Zhuo Ren"]
[BlackFideId "11300507"]
[Black "Oatlhotse Providence"]
[Result "1-0"]
[LiveChessVersion "1.4.8"]
[BlackElo "2206"]
[WhiteElo "2182"]

1. Nf3 {[%clk 1:30:28]} Nf6 {[%clk 1:30:34]} 2. c4 {[%clk 1:30:25]} e6
{[%clk 1:28:56]} 3. g3 {[%clk 1:30:14]} b6 {[%clk 1:29:13]} 4. Bg2
{[%clk 1:30:24]} Ba6 {[%clk 1:29:40]} 5. b3 {[%clk 1:27:21]} c6 {[%clk 1:29:55]}
6. O-O {[%clk 1:26:51]} d5 {[%clk 1:30:13]} 7. Qc2 {[%clk 1:26:23]} Nbd7
{[%clk 1:30:11]} 8. Bb2 {[%clk 1:26:07]} Rc8 {[%clk 1:30:05]} 9. d3
{[%clk 1:24:57]} Be7 {[%clk 1:30:02]} 10. e4 {[%clk 1:24:19]} O-O
{[%clk 1:30:25]} 11. Nbd2 {[%clk 1:23:56]} b5 {[%clk 1:29:27]} 12. Rfd1
{[%clk 1:20:17]} Qb6 {[%clk 1:25:33]} 13. Rac1 {[%clk 1:18:11]} Ng4
{[%clk 1:07:01]} 14. Bd4 {[%clk 1:14:48]} c5 {[%clk 1:06:29]} 15. Ba1
{[%clk 1:14:31]} bxc4 {[%clk 1:06:15]} 16. dxc4 {[%clk 1:10:49]} d4
{[%clk 1:06:05]} 17. h3 {[%clk 1:11:00]} Nge5 {[%clk 1:03:47]} 18. Ne1
{[%clk 1:11:06]} Nc6 {[%clk 1:03:50]} 19. a3 {[%clk 1:10:26]} e5 {[%clk 1:03:11]}
20. Nd3 {[%clk 1:10:34]} Bd6 {[%clk 0:52:12]} 21. Rf1 {[%clk 1:10:03]} Na5
{[%clk 0:46:42]} 22. Rb1 {[%clk 1:09:39]} Qc7 {[%clk 0:44:02]} 23. Bb2
{[%clk 1:09:31]} Rb8 {[%clk 0:43:23]} 24. Bc1 {[%clk 1:09:31]} Rb6
{[%clk 0:41:39]} 25. Bf3 {[%clk 1:01:11]} Rfb8 {[%clk 0:39:36]} 26. Bd1
{[%clk 1:01:01]} Nf6 {[%clk 0:35:49]} 27. Ne1 {[%clk 0:58:04]} Qd7
{[%clk 0:34:55]} 28. g4 {[%clk 0:53:57]} h6 {[%clk 0:31:23]} 29. Qd3
{[%clk 0:53:04]} Nh7 {[%clk 0:31:12]} 30. Bc2 {[%clk 0:52:50]} Ng5
{[%clk 0:29:11]} 31. Ng2 {[%clk 0:50:27]} Qd8 {[%clk 0:25:58]} 32. f4
{[%clk 0:48:15]} exf4 {[%clk 0:25:29]} 33. Nxf4 {[%clk 0:46:49]} Bxf4
{[%clk 0:23:16]} 34. Rxf4 {[%clk 0:47:16]} Nc6 {[%clk 0:22:35]} 35. Rf5
{[%clk 0:47:18]} Qe7 {[%clk 0:22:45]} 36. h4 {[%clk 0:46:15]} Ne6
{[%clk 0:22:21]} 37. Nf3 {[%clk 0:45:19]} Qc7 {[%clk 0:20:03]} 38. e5
{[%clk 0:43:21]} Ne7 {[%clk 0:17:25]} 39. Rf6 {[%clk 0:40:48]} Nf8
{[%clk 0:15:35]} 40. Rxb6 {[%clk 0:48:53]} Rxb6 {[%clk 0:45:05]} 41. h5
{[%clk 0:48:54]} Bb7 {[%clk 0:42:54]} 42. Bf4 {[%clk 0:48:30]} Qd7
{[%clk 0:41:27]} 43. Nh2 {[%clk 0:44:24]} Qc6 {[%clk 0:41:07]} 44. Qg3
{[%clk 0:44:34]} Ne6 {[%clk 0:38:47]} 45. Bd2 {[%clk 0:44:55]} Ra6
{[%clk 0:27:44]} 46. a4 {[%clk 0:44:51]} Ng5 {[%clk 0:23:47]} 47. Bxg5
{[%clk 0:41:50]} hxg5 {[%clk 0:22:45]} 48. Kf2 {[%clk 0:42:02]} Qc7
{[%clk 0:09:09]} 49. Nf3 {[%clk 0:38:12]} Qa5 {[%clk 0:02:34]} 50. b4
{[%clk 0:13:53]} cxb4 {[%clk 0:02:57]} 51. Nxg5 {[%clk 0:14:20]} Qc5
{[%clk 0:00:49]} 52. Qd3 {[%clk 0:13:35]} Qc6 {[%clk 0:00:34]} 53. Qh7+
{[%clk 0:11:42]} Kf8 {[%clk 0:01:04]} 54. Be4 {[%clk 0:12:05]} Qh6
{[%clk 0:00:35]} 55. Qxh6 {[%clk 0:12:27]} gxh6 {[%clk 0:00:37]} 56. Bxb7
{[%clk 0:12:53]} Rb6 {[%clk 0:01:05]} 57. Nh7+ {[%clk 0:13:16]} Kg7
{[%clk 0:01:19]} 58. Be4 {[%clk 0:13:35]} Nc6 {[%clk 0:00:35]} 59. Bxc6
{[%clk 0:09:35]} Rxc6 {[%clk 0:01:03]} 60. Nf6 {[%clk 0:10:00]} Rxc4
{[%clk 0:00:55]} 61. Kf3 {[%clk 0:10:00]} a5 {[%clk 0:00:32]} 62. Ke4
{[%clk 0:10:23]} Rc2 {[%clk 0:00:37]} 63. Kxd4 {[%clk 0:10:22]} Ra2
{[%clk 0:01:04]} 64. Rc1 {[%clk 0:10:28]} Rd2+ {[%clk 0:00:39]} 65. Ke3
{[%clk 0:10:32]} Rd8 {[%clk 0:00:36]} 66. Rc5 {[%clk 0:10:43]} Rb8
{[%clk 0:00:36]} 67. Rb5 {[%clk 0:09:53]} Ra8 {[%clk 0:01:00]} 68. Nd7
{[%clk 0:09:58]} Rd8 {[%clk 0:00:40]} 69. Nc5 {[%clk 0:10:02]} Rd5
{[%clk 0:01:03]} 70. Ke4 {[%clk 0:10:15]} Rd1 {[%clk 0:01:20]} 71. Nd3
{[%clk 0:09:37]} Rg1 {[%clk 0:01:37]} 72. Kf5 {[%clk 0:09:44]} Rf1+
{[%clk 0:01:19]} 73. Nf4 {[%clk 0:09:58]} Ra1 {[%clk 0:01:27]} 74. Rxa5
{[%clk 0:10:11]} b3 {[%clk 0:01:56]} 75. Rb5 {[%clk 0:10:38]} Rxa4
{[%clk 0:02:05]} 76. Rxb3 {[%clk 0:10:59]} Ra7 {[%clk 0:02:26]} 77. Rb6
{[%clk 0:11:13]} Rd7 {[%clk 0:02:38]} 78. Rd6 {[%clk 0:11:04]} Ra7
{[%clk 0:02:35]} 79. Nd5 {[%clk 0:11:31]} Ra1 {[%clk 0:02:42]} 80. Rd7
{[%clk 0:11:56]} Re1 {[%clk 0:02:47]} 81. Rb7 {[%clk 0:11:48]} Re2
{[%clk 0:03:05]} 82. Nf4 {[%clk 0:12:13]} Ra2 {[%clk 0:03:21]} 83. e6
{[%clk 0:12:21]} Ra5+ {[%clk 0:03:46]} 84. Ke4 {[%clk 0:12:40]} Ra4+
{[%clk 0:04:16]} 85. Ke5 {[%clk 0:13:01]} Ra5+ {[%clk 0:04:28]} 86. Nd5
{[%clk 0:13:23]} Rc5 {[%clk 0:03:52]} 87. Kd6 {[%clk 0:13:22]} 1-0

[Event "World Chess Olympiad 2018"]
[Site "Batumi"]
[Date "2018.10.02"]
[Round "8"]
[Board "2"]
[WhiteFideId "11300280"]
[White "Khetho Phemelo"]
[BlackFideId "5712181"]
[Black "Lye Lik Zang"]
[Result "0-1"]
[LiveChessVersion "1.4.8"]
[BlackElo "2351"]
[WhiteElo "2158"]

1. e4 {[%clk 1:30:41]} c5 {[%clk 1:30:50]} 2. b3 {[%clk 1:30:58]} g6
{[%clk 1:30:58]} 3. Bb2 {[%clk 1:30:57]} Nf6 {[%clk 1:31:24]} 4. e5
{[%clk 1:30:50]} Nd5 {[%clk 1:31:33]} 5. d4 {[%clk 1:30:38]} Qa5+
{[%clk 1:19:38]} 6. c3 {[%clk 1:27:49]} cxd4 {[%clk 1:14:08]} 7. Qxd4
{[%clk 1:26:52]} Nc6 {[%clk 1:13:47]} 8. Qe4 {[%clk 1:27:09]} f5 {[%clk 1:10:45]}
9. exf6 {[%clk 1:19:10]} Nxf6 {[%clk 1:11:05]} 10. Qh4 {[%clk 1:18:24]} Bg7
{[%clk 1:06:06]} 11. b4 {[%clk 1:05:51]} Qf5 {[%clk 0:56:59]} 12. Nd2
{[%clk 0:32:41]} Nd5 {[%clk 0:51:25]} 13. a3 {[%clk 0:19:00]} Qc2
{[%clk 0:49:41]} 14. Rb1 {[%clk 0:17:58]} Nxc3 {[%clk 0:47:12]} 15. Qc4
{[%clk 0:15:16]} d5 {[%clk 0:44:49]} 16. Qc5 {[%clk 0:12:22]} Bd4
{[%clk 0:44:33]} 17. Bxc3 {[%clk 0:11:46]} Bxc5 {[%clk 0:42:44]} 18. Bxh8
{[%clk 0:12:08]} Bxf2+ {[%clk 0:42:39]} 19. Kxf2 {[%clk 0:12:19]} Qxd2+
{[%clk 0:43:03]} 20. Be2 {[%clk 0:12:30]} d4 {[%clk 0:39:05]} 21. Rd1
{[%clk 0:09:13]} Qe3+ {[%clk 0:36:55]} 22. Kf1 {[%clk 0:09:40]} Bf5
{[%clk 0:36:39]} 23. b5 {[%clk 0:09:52]} d3 {[%clk 0:36:15]} 24. Bf3
{[%clk 0:09:37]} Na5 {[%clk 0:30:58]} 25. Bc3 {[%clk 0:09:29]} Nc4
{[%clk 0:30:24]} 26. g4 {[%clk 0:09:09]} d2 {[%clk 0:28:24]} 27. Bb4
{[%clk 0:08:46]} Bc2 0-1

[Event "World Chess Olympiad 2018"]
[Site "Batumi"]
[Date "2018.10.02"]
[Round "8"]
[Board "3"]
[WhiteFideId "5704154"]
[White "Zulkipli Zaidan"]
[BlackFideId "11300310"]
[Black "Gaealafshwe Barileng"]
[Result "1-0"]
[LiveChessVersion "1.4.8"]
[BlackElo "2144"]
[WhiteElo "2203"]

1. d4 {[%clk 1:30:58]} d5 {[%clk 1:30:50]} 2. c4 {[%clk 1:31:25]} c6
{[%clk 1:31:13]} 3. cxd5 {[%clk 1:31:50]} cxd5 {[%clk 1:31:35]} 4. Nf3
{[%clk 1:32:13]} Nf6 {[%clk 1:31:52]} 5. Nc3 {[%clk 1:32:38]} Nc6
{[%clk 1:32:14]} 6. Bf4 {[%clk 1:33:02]} a6 {[%clk 1:32:36]} 7. Ne5
{[%clk 1:33:08]} Qb6 {[%clk 1:31:27]} 8. Nxc6 {[%clk 1:33:18]} bxc6
{[%clk 1:31:41]} 9. Qd2 {[%clk 1:33:19]} e6 {[%clk 1:30:47]} 10. e3
{[%clk 1:32:34]} Qb7 {[%clk 1:30:27]} 11. Be2 {[%clk 1:31:47]} c5
{[%clk 1:29:06]} 12. O-O {[%clk 1:31:27]} Bd7 {[%clk 1:28:46]} 13. dxc5
{[%clk 1:30:14]} Bxc5 {[%clk 1:27:10]} 14. Rfc1 {[%clk 1:30:19]} Rc8
{[%clk 1:26:13]} 15. a3 {[%clk 1:29:09]} O-O {[%clk 1:17:44]} 16. Rc2
{[%clk 1:28:26]} a5 {[%clk 1:12:55]} 17. Rac1 {[%clk 1:27:59]} a4
{[%clk 1:08:15]} 18. Be5 {[%clk 1:22:25]} Qb6 {[%clk 1:03:24]} 19. Bf3
{[%clk 1:18:27]} Rfd8 {[%clk 1:00:51]} 20. Bd4 {[%clk 1:15:11]} Bxd4
{[%clk 1:00:31]} 21. Qxd4 {[%clk 1:15:12]} Qxd4 {[%clk 1:00:11]} 22. exd4
{[%clk 1:15:40]} Rc4 {[%clk 1:00:24]} 23. Ne2 {[%clk 1:16:08]} Rxc2
{[%clk 0:57:30]} 24. Rxc2 {[%clk 1:16:09]} Rb8 {[%clk 0:54:01]} 25. Nc3
{[%clk 1:16:08]} Kf8 {[%clk 0:52:58]} 26. Kf1 {[%clk 1:16:28]} Ne8
{[%clk 0:51:26]} 27. Ke1 {[%clk 1:16:12]} Nd6 {[%clk 0:51:08]} 28. Be2
{[%clk 1:15:49]} Ke7 {[%clk 0:48:00]} 29. Bd3 {[%clk 1:15:42]} h6
{[%clk 0:45:55]} 30. f3 {[%clk 1:15:42]} g5 {[%clk 0:35:09]} 31. Kd1
{[%clk 1:14:59]} h5 {[%clk 0:32:52]} 32. Kc1 {[%clk 1:10:21]} g4 {[%clk 0:31:29]}
33. f4 {[%clk 1:09:02]} f5 {[%clk 0:30:54]} 34. Re2 {[%clk 1:08:27]} Ne4
{[%clk 0:31:05]} 35. Rc2 {[%clk 1:03:46]} h4 {[%clk 0:28:04]} 36. Bxe4
{[%clk 1:03:54]} fxe4 {[%clk 0:25:44]} 37. Kd2 {[%clk 1:04:21]} Bb5
{[%clk 0:22:20]} 38. Ke3 {[%clk 1:04:45]} Kd6 {[%clk 0:18:21]} 39. g3
{[%clk 1:01:30]} Bd7 {[%clk 0:17:57]} 40. Rg2 {[%clk 1:26:46]} hxg3
{[%clk 0:46:38]} 41. hxg3 {[%clk 1:26:49]} Rh8 {[%clk 0:46:40]} 42. Nd1
{[%clk 1:26:03]} Bb5 {[%clk 0:42:47]} 43. Nc3 {[%clk 1:16:13]} Bd7
{[%clk 0:36:53]} 44. Nd1 {[%clk 1:15:43]} Bb5 {[%clk 0:33:11]} 45. Kd2
{[%clk 1:13:25]} Rh1 {[%clk 0:25:44]} 46. Ne3 {[%clk 1:07:20]} Bf1
{[%clk 0:22:57]} 47. Rf2 {[%clk 1:07:22]} Bc4 {[%clk 0:21:24]} 48. f5
{[%clk 1:05:56]} exf5 {[%clk 0:17:16]} 49. Nxf5+ {[%clk 0:58:33]} Ke6
{[%clk 0:16:33]} 50. Ke3 {[%clk 0:58:35]} Re1+ {[%clk 0:14:04]} 51. Kf4
{[%clk 0:59:00]} Be2 {[%clk 0:09:23]} 52. Ne3 {[%clk 0:58:17]} Bf3
{[%clk 0:06:35]} 53. Rh2 {[%clk 0:58:02]} Rb1 {[%clk 0:06:47]} 54. Rh6+
{[%clk 0:58:31]} Kd7 {[%clk 0:06:58]} 55. Rb6 {[%clk 0:58:55]} Bd1
{[%clk 0:05:49]} 56. Nxd5 {[%clk 0:58:06]} Bb3 {[%clk 0:05:53]} 57. Nc3
{[%clk 0:55:11]} Rxb2 {[%clk 0:05:48]} 58. Nxe4 {[%clk 0:55:37]} Ra2
{[%clk 0:05:47]} 59. Ke5 {[%clk 0:53:39]} Rxa3 {[%clk 0:05:58]} 60. d5
{[%clk 0:53:07]} Bc2 {[%clk 0:05:17]} 61. Nc5+ {[%clk 0:52:27]} Kc7
{[%clk 0:04:07]} 62. Rc6+ {[%clk 0:52:40]} Kb8 {[%clk 0:04:01]} 63. Nd7+
{[%clk 0:52:54]} 1-0

[Event "World Chess Olympiad 2018"]
[Site "Batumi"]
[Date "2018.10.02"]
[Round "8"]
[Board "1"]
[WhiteFideId "4000102"]
[White "Berend Fred"]
[BlackFideId "9300244"]
[Black "Omar Noaman"]
[Result "1/2-1/2"]
[LiveChessVersion "1.4.8"]
[BlackElo "2356"]
[WhiteElo "2358"]

1. e4 {[%clk 1:30:49]} e6 {[%clk 1:30:31]} 2. d4 {[%clk 1:31:08]} d5
{[%clk 1:30:55]} 3. Nc3 {[%clk 1:31:36]} Bb4 {[%clk 1:31:18]} 4. e5
{[%clk 1:31:39]} c5 {[%clk 1:31:34]} 5. a3 {[%clk 1:32:03]} Ba5 {[%clk 1:31:52]}
6. b4 {[%clk 1:32:00]} cxd4 {[%clk 1:30:36]} 7. Nb5 {[%clk 1:29:24]} Bc7
{[%clk 1:30:38]} 8. f4 {[%clk 1:27:24]} Bd7 {[%clk 1:27:16]} 9. Nxc7+
{[%clk 1:18:53]} Qxc7 {[%clk 1:27:34]} 10. Nf3 {[%clk 1:19:05]} Ba4
{[%clk 1:19:53]} 11. Bd3 {[%clk 1:17:38]} Nc6 {[%clk 1:02:00]} 12. O-O
{[%clk 1:14:24]} a6 {[%clk 1:02:13]} 13. Bb2 {[%clk 1:12:30]} Nge7
{[%clk 0:53:11]} 14. Qd2 {[%clk 1:08:37]} Nf5 {[%clk 0:50:22]} 15. Bxf5
{[%clk 1:01:21]} exf5 {[%clk 0:50:22]} 16. Rae1 {[%clk 1:00:09]} O-O
{[%clk 0:46:46]} 17. e6 {[%clk 0:57:50]} f6 {[%clk 0:45:23]} 18. Bxd4
{[%clk 0:56:44]} Rfe8 {[%clk 0:44:39]} 19. Rf2 {[%clk 0:56:14]} Rad8
{[%clk 0:42:17]} 20. Nh4 {[%clk 0:49:38]} Rd6 {[%clk 0:24:34]} 21. Rfe2
{[%clk 0:34:59]} Bb5 {[%clk 0:19:19]} 22. Re3 {[%clk 0:35:01]} Nxd4
{[%clk 0:14:33]} 23. Qxd4 {[%clk 0:35:26]} Qxc2 {[%clk 0:09:46]} 24. h3
{[%clk 0:13:29]} Rc6 {[%clk 0:05:03]} 25. e7 {[%clk 0:09:55]} Qc4
{[%clk 0:04:50]} 26. Nxf5 {[%clk 0:09:17]} g6 {[%clk 0:04:24]} 27. Rg3
{[%clk 0:02:09]} Qxd4+ {[%clk 0:03:39]} 28. Nxd4 {[%clk 0:02:38]} Rc7
{[%clk 0:03:50]} 29. Nxb5 {[%clk 0:01:59]} axb5 {[%clk 0:04:14]} 30. Rd3
{[%clk 0:02:24]} Rd7 {[%clk 0:00:45]} 31. Re6 {[%clk 0:02:46]} Kf7
{[%clk 0:01:01]} 32. Rb6 {[%clk 0:03:13]} Rexe7 {[%clk 0:00:49]} 33. Kf2
{[%clk 0:02:41]} d4 {[%clk 0:00:39]} 34. Rxb5 {[%clk 0:02:15]} Re6
{[%clk 0:00:41]} 35. Rc5 {[%clk 0:00:56]} Rc6 {[%clk 0:00:47]} 36. Rxc6
{[%clk 0:00:58]} bxc6 {[%clk 0:02:01]} 37. Ke2 {[%clk 0:00:52]} Ke6
{[%clk 0:02:22]} 38. Rd1 {[%clk 0:00:59]} Kd5 {[%clk 0:02:42]} 39. Rc1
{[%clk 0:01:16]} Ra7 {[%clk 0:02:50]} 40. Ra1 {[%clk 0:30:45]} Ke4
{[%clk 0:30:41]} 41. Kd2 {[%clk 0:30:07]} Kd5 {[%clk 0:21:29]} 42. Kd3
{[%clk 0:13:24]} Ra4 {[%clk 0:21:40]} 43. Ra2 {[%clk 0:13:32]} f5
{[%clk 0:22:07]} 44. g4 {[%clk 0:11:41]} c5 {[%clk 0:21:30]} 45. bxc5
{[%clk 0:10:32]} Kxc5 {[%clk 0:21:51]} 46. Ra1 {[%clk 0:09:47]} Kd5
{[%clk 0:17:14]} 47. gxf5 {[%clk 0:10:15]} gxf5 {[%clk 0:17:38]} 48. h4
{[%clk 0:10:21]} h5 {[%clk 0:13:39]} 49. Ra2 {[%clk 0:10:44]} Ra8
{[%clk 0:04:08]} 50. a4 {[%clk 0:11:08]} Rg8 {[%clk 0:04:33]} 51. Re2
{[%clk 0:06:36]} Rg3+ {[%clk 0:04:41]} 52. Kd2 {[%clk 0:07:04]} Kc4
{[%clk 0:04:00]} 53. a5 {[%clk 0:06:22]} d3 {[%clk 0:02:16]} 54. Re5
{[%clk 0:04:37]} Rg2+ {[%clk 0:02:22]} 55. Kd1 {[%clk 0:05:06]} Rg1+
{[%clk 0:01:12]} 56. Kd2 {[%clk 0:05:32]} Rg2+ {[%clk 0:01:26]} 57. Kd1
{[%clk 0:06:01]} Rg1+ {[%clk 0:01:26]} 58. Kd2 {[%clk 0:06:24]} Rg2+
{[%clk 0:01:41]} 1/2-1/2

[Event "World Chess Olympiad 2018"]
[Site "Batumi"]
[Date "2018.10.02"]
[Round "8"]
[Board "2"]
[WhiteFideId "9300465"]
[White "AlHuwar Jasem"]
[BlackFideId "4001206"]
[Black "Linster Philippe"]
[Result "1/2-1/2"]
[LiveChessVersion "1.4.8"]
[BlackElo "2273"]
[WhiteElo "2245"]

1. Nf3 {[%clk 1:30:02]} Nf6 {[%clk 1:30:54]} 2. g3 {[%clk 1:30:25]} d5
{[%clk 1:31:19]} 3. Bg2 {[%clk 1:30:52]} Bf5 {[%clk 1:31:37]} 4. O-O
{[%clk 1:31:13]} e6 {[%clk 1:31:47]} 5. d3 {[%clk 1:31:37]} c6 {[%clk 1:31:34]}
6. c4 {[%clk 1:31:59]} dxc4 {[%clk 1:31:49]} 7. dxc4 {[%clk 1:32:17]} Qxd1
{[%clk 1:32:13]} 8. Rxd1 {[%clk 1:32:41]} Nbd7 {[%clk 1:31:42]} 9. Nc3
{[%clk 1:31:25]} Bc2 {[%clk 1:32:04]} 10. Rd2 {[%clk 1:30:54]} Bg6
{[%clk 1:32:07]} 11. Rd1 {[%clk 1:31:10]} Bc2 {[%clk 1:31:57]} 12. Rd2
{[%clk 1:27:11]} Bg6 {[%clk 1:32:21]} 13. Rd1 {[%clk 1:25:53]} 1/2-1/2

[Event "World Chess Olympiad 2018"]
[Site "Batumi"]
[Date "2018.10.02"]
[Round "8"]
[Board "3"]
[WhiteFideId "4000803"]
[White "Jeitz Christian"]
[BlackFideId "9308733"]
[Black "Al Hosani Omran"]
[Result "1/2-1/2"]
[LiveChessVersion "1.4.8"]
[BlackElo "2115"]
[WhiteElo "2220"]

1. e4 {[%clk 1:30:56]} e5 {[%clk 1:30:28]} 2. Nf3 {[%clk 1:31:20]} Nc6
{[%clk 1:30:57]} 3. Bb5 {[%clk 1:31:34]} a6 {[%clk 1:31:20]} 4. Ba4
{[%clk 1:31:59]} Nf6 {[%clk 1:31:48]} 5. O-O {[%clk 1:32:19]} Be7
{[%clk 1:32:14]} 6. Re1 {[%clk 1:32:32]} b5 {[%clk 1:32:38]} 7. Bb3
{[%clk 1:32:57]} d6 {[%clk 1:33:05]} 8. c3 {[%clk 1:32:59]} O-O {[%clk 1:33:26]}
9. h3 {[%clk 1:33:05]} Bb7 {[%clk 1:33:50]} 10. d4 {[%clk 1:32:54]} Re8
{[%clk 1:34:01]} 11. d5 {[%clk 1:23:56]} Nb8 {[%clk 1:34:11]} 12. Nbd2
{[%clk 1:21:11]} c6 {[%clk 1:33:26]} 13. dxc6 {[%clk 1:17:47]} Bxc6
{[%clk 1:33:47]} 14. Bc2 {[%clk 1:16:35]} Nbd7 {[%clk 1:29:48]} 15. Nf1
{[%clk 1:16:00]} Bf8 {[%clk 1:26:29]} 16. Bg5 {[%clk 1:00:50]} Nc5
{[%clk 1:26:20]} 17. N3d2 {[%clk 0:55:34]} Ne6 {[%clk 1:13:24]} 18. Bxf6
{[%clk 0:54:02]} Qxf6 {[%clk 1:13:46]} 19. Ne3 {[%clk 0:50:39]} Nf4
{[%clk 1:12:28]} 20. Ndf1 {[%clk 0:48:29]} Qg6 {[%clk 1:06:13]} 21. Ng3
{[%clk 0:48:13]} h5 {[%clk 1:03:30]} 22. h4 {[%clk 0:40:09]} Qf6 {[%clk 0:58:09]}
23. Nxh5 {[%clk 0:38:48]} Qxh4 {[%clk 0:58:28]} 24. Nxf4 {[%clk 0:37:53]} exf4
{[%clk 0:57:58]} 25. Nf5 {[%clk 0:36:58]} Qg5 {[%clk 0:58:01]} 26. Nd4
{[%clk 0:30:23]} Bd7 {[%clk 0:57:22]} 27. Nf3 {[%clk 0:27:44]} Qh6
{[%clk 0:55:40]} 28. Qd5 {[%clk 0:25:19]} Rac8 {[%clk 0:53:19]} 29. Bb3
{[%clk 0:23:08]} Be6 {[%clk 0:52:30]} 30. Qg5 {[%clk 0:22:19]} Qxg5
{[%clk 0:52:31]} 31. Nxg5 {[%clk 0:22:47]} Rc5 {[%clk 0:52:59]} 32. Nxe6
{[%clk 0:16:51]} fxe6 {[%clk 0:53:11]} 33. Rad1 {[%clk 0:17:10]} Kf7
{[%clk 0:53:04]} 34. Rd3 {[%clk 0:16:52]} Kf6 {[%clk 0:53:00]} 35. g3
{[%clk 0:12:22]} g5 {[%clk 0:52:15]} 36. gxf4 {[%clk 0:11:58]} gxf4
{[%clk 0:52:36]} 37. Rh3 {[%clk 0:11:51]} a5 {[%clk 0:51:32]} 38. a3
{[%clk 0:07:39]} Rg5+ {[%clk 0:44:01]} 39. Kf1 {[%clk 0:07:43]} Ke5
{[%clk 0:44:19]} 40. Bc2 {[%clk 0:36:13]} Bg7 {[%clk 1:12:45]} 41. Ke2
{[%clk 0:34:03]} Rh8 {[%clk 1:09:22]} 42. Rxh8 {[%clk 0:32:47]} Bxh8
{[%clk 1:09:50]} 43. Rh1 {[%clk 0:32:51]} Bg7 {[%clk 1:09:27]} 44. Kf3
{[%clk 0:32:18]} Bf6 {[%clk 1:05:53]} 45. Bd3 {[%clk 0:30:48]} d5
{[%clk 1:05:14]} 46. exd5 {[%clk 0:26:21]} exd5 {[%clk 1:02:57]} 47. Bxb5
{[%clk 0:26:19]} d4 {[%clk 1:03:03]} 48. a4 {[%clk 0:24:40]} dxc3
{[%clk 1:02:01]} 49. bxc3 {[%clk 0:25:08]} Rg7 {[%clk 0:55:29]} 50. Re1+
{[%clk 0:21:18]} Kd6 {[%clk 0:55:30]} 51. Rd1+ {[%clk 0:21:36]} Kc5
{[%clk 0:55:35]} 52. c4 {[%clk 0:20:48]} Bd4 {[%clk 0:53:36]} 53. Rd2
{[%clk 0:17:53]} Rf7 {[%clk 0:51:53]} 54. Ke4 {[%clk 0:16:41]} Re7+
{[%clk 0:41:40]} 55. Kxf4 {[%clk 0:16:48]} Rf7+ {[%clk 0:42:09]} 56. Kg3
{[%clk 0:17:09]} Rg7+ {[%clk 0:42:32]} 57. Kf3 {[%clk 0:17:04]} Rf7+
{[%clk 0:42:53]} 58. Kg2 {[%clk 0:17:29]} Rg7+ {[%clk 0:43:16]} 59. Kf1
{[%clk 0:17:54]} Rf7 {[%clk 0:43:45]} 60. Re2 {[%clk 0:15:12]} Rf8
{[%clk 0:43:52]} 61. Kg2 {[%clk 0:13:14]} Rg8+ {[%clk 0:44:04]} 62. Kh3
{[%clk 0:13:22]} Rf8 {[%clk 0:44:20]} 63. Kg3 {[%clk 0:12:44]} Rg8+
{[%clk 0:44:44]} 64. Kf3 {[%clk 0:13:01]} Rf8+ {[%clk 0:45:08]} 65. Kg2
{[%clk 0:11:11]} Rg8+ {[%clk 0:45:33]} 66. Kf1 {[%clk 0:11:37]} Rf8
{[%clk 0:45:56]} 67. Rc2 {[%clk 0:11:38]} Kb4 {[%clk 0:45:57]} 68. Kg2
{[%clk 0:07:46]} Rg8+ {[%clk 0:46:02]} 69. Kf3 {[%clk 0:04:44]} Rf8+
{[%clk 0:46:20]} 70. Kg2 {[%clk 0:04:17]} Rg8+ {[%clk 0:45:55]} 71. Kf1
{[%clk 0:04:46]} Rf8 {[%clk 0:46:04]} 72. Ke1 {[%clk 0:04:12]} Kb3
{[%clk 0:45:00]} 73. Re2 {[%clk 0:04:17]} Kb4 {[%clk 0:44:05]} 74. Kf1
{[%clk 0:03:43]} Kc5 {[%clk 0:43:01]} 75. Kg2 {[%clk 0:03:44]} Rg8+
{[%clk 0:43:21]} 76. Kf3 {[%clk 0:04:03]} Rf8+ {[%clk 0:43:45]} 77. Kg2
{[%clk 0:03:13]} 1/2-1/2